Central Library OPAC University of Rajshahi

জিজ্ঞাসা / (Record no. 74222)

MARC details
000 -LEADER
fixed length control field 00925nam a2200241 a 4500
001 - CONTROL NUMBER
control field 74222
003 - CONTROL NUMBER IDENTIFIER
rucl marc code BD-RjUL
005 - DATE AND TIME OF LATEST TRANSACTION
control field 20211209082521.0
008 - FIXED-LENGTH DATA ELEMENTS--GENERAL INFORMATION
fixed length control field 180408s2011 bg ||||| |||| 000 0 ben d
020 ## - INTERNATIONAL STANDARD BOOK NUMBER
International Standard Book Number 9789842002038
Terms of availability Tk.450.00
035 ## - SYSTEM CONTROL NUMBER
System control number (BD-RjUL)74440
040 ## - CATALOGING SOURCE
Original cataloging agency BD-RjUL
Language of cataloging eng
Transcribing agency BD-RjUL
041 ## - LANGUAGE CODE
Language code of text/sound track or separate title ben
082 ## - DEWEY DECIMAL CLASSIFICATION NUMBER
Edition number 23
Classification number 891.4401
Author mark and year TRJ 2011
100 1# - MAIN ENTRY--PERSONAL NAME
Personal name ত্রিবেদী, রামেন্দ্রসুন্দর
9 (RLIN) 220983
245 10 - TITLE STATEMENT
Title জিজ্ঞাসা /
Statement of responsibility, etc. রামেন্দ্রসুন্দর ত্রিবেদী,
260 ## - PUBLICATION, DISTRIBUTION, ETC. (IMPRINT)
Place of publication, distribution, etc. ঢাকা :
Name of publisher, distributor, etc. অ্যাডর্ণ পাব ,
Date of publication, distribution, etc. ২০১১
300 ## - PHYSICAL DESCRIPTION
Pagination ২৮০ পৃ. ;
Size ২২ সেমি.
650 ## - SUBJECT ADDED ENTRY--TOPICAL TERM
Topical term or geographic name as entry element বাংলা সাহিত্য
Form subdivision দর্শণ
9 (RLIN) 220984
Topical term or geographic name as entry element Bengali Literature
Form subdivision Philosophy
9 (RLIN) 220985
700 ## - ADDED ENTRY--PERSONAL NAME
Personal name বাকীবিল্লাহ, মোঃ
942 ## - ADDED ENTRY ELEMENTS (KOHA)
Source of classification or shelving scheme Dewey Decimal Classification
Koha item type Books
Holdings
Lost status Source of classification or shelving scheme Damaged status Not for loan Collection code Permanent Location Current Location Shelving location Date acquired Source of acquisition Cost, normal purchase price Total Checkouts Full call number Date last seen Copy number Koha item type Date checked out
  Dewey Decimal Classification   Not For Loan Non-fiction Central Library, University of Rajshahi Central Library, University of Rajshahi Reading Room 23/03/2017 Rajshahi NewsHome 350.00   B 891.4401 TRJ 2011 08/04/2018 C-1 Books  
  Dewey Decimal Classification     Non-fiction Central Library, University of Rajshahi Central Library, University of Rajshahi   23/03/2017 Rajshahi NewsHome 350.00 1 B 891.4401 TRJ 2011 18/01/2024 C-2 Books 19/10/2023
  Dewey Decimal Classification     Non-fiction Central Library, University of Rajshahi Central Library, University of Rajshahi   23/03/2017 Rajshahi NewsHome 350.00 2 B 891.4401 TRJ 2011 05/03/2023 C-3 Books 16/02/2023